| 000 | 00766cam a22002533a 4500 | ||
|---|---|---|---|
| 001 | 15776 | ||
| 003 | PGUSA | ||
| 005 | 20140828083334.0 | ||
| 008 | 050506s2005||||xxu|||||s|||||000 | eng d | ||
| 040 |
_aPGUSA _beng |
||
| 042 | _adc | ||
| 050 | 4 | _aHC | |
| 100 | 1 |
_aKeynes, John Maynard, _d1883-1946 |
|
| 245 | 1 | 4 |
_aThe Economic Consequences of the Peace _h[electronic resource] / _cJohn Maynard Keynes |
| 260 |
_bProject Gutenberg, _c2005 |
||
| 506 | _aPublic domain in the USA. | ||
| 516 | _aElectronic text | ||
| 653 | _aTreaty of Versailles (1919) | ||
| 653 | _aEconomic history -- 1918-1945 | ||
| 653 | _aWorld War, 1914-1918 -- Economic aspects | ||
| 830 | 0 |
_aProject Gutenberg _v15776 |
|
| 856 | 4 | 0 | _uhttp://www.gutenberg.org/ebooks/15776 |
| 942 | _cEB | ||
| 999 |
_c245031 _d245031 |
||